000 00338nam a2200145Ia 4500
008 150201s2009 xx 000 0 und d
082 _a611
_bH2009A
100 _aANAND,MAHENDER
245 _aANANDS HUMAN ANATOMY
250 _a2ND
260 _bARYA PUBLICATION
_aDELHI
_c2009
300 _a1-808
650 _aANATOMY
942 _2ddc
_cBK
999 _c4185
_d4185